Drapeaux en 15 secondes #4 - Statistiques

Statistiques générales
  • Ce quiz a été pris 1 260 fois
  • Le résultat moyen est 5 sur 15
Statistiques - réponses
Hint Réponse % Correct
Argentine 🇦🇷
50%
Brésil 🇧🇷
46%
Chili 🇨🇱
43%
Uruguay 🇺🇾
41%
Bolivie 🇧🇴
36%
Colombie 🇨🇴
35%
Equateur 🇪🇨
34%
Venezuela 🇻🇪
33%
Paraguay 🇵🇾
32%
Guyana 🇬🇾
30%
Belize 🇧🇿
30%
Suriname 🇸🇷
28%
Honduras 🇭🇳
28%
Nicaragua 🇳🇮
27%
Guatemala 🇬🇹
26%
Aucun quiz correspondant
Distribution des résultats
% des personnes avec chaque résultat
Percentile par nombre de réponses
Votre historique - résultats
Vous n’avez pas pris ce quiz